Tai bhasar prathamik path byakaranar soite (Record no. 3990)

MARC details
000 -LEADER
fixed length control field 00509cam a2200181ua 4500
008 - FIXED-LENGTH DATA ELEMENTS--GENERAL INFORMATION
fixed length control field 111219n ii |||gr||||Z||||||asm
040 ## - CATALOGING SOURCE
Transcribing agency MAIN
082 ## - DEWEY DECIMAL CLASSIFICATION NUMBER
Classification number 495.41
100 1# - MAIN ENTRY--PERSONAL NAME
Personal name Gohain, Aimyakhang,
245 11 - TITLE STATEMENT
Title Tai bhasar prathamik path byakaranar soite
Statement of responsibility, etc. by Aimyakhang Gohain
250 ## - EDITION STATEMENT
Edition statement 2nd.
260 ## - PUBLICATION, DISTRIBUTION, ETC.
Place of publication, distribution, etc. Dibrugarh:
Name of publisher, distributor, etc. Assamese deptt. Dibrugarh university,997.
300 ## - PHYSICAL DESCRIPTION
Extent 128p:
Dimensions 23cm.
942 ## - ADDED ENTRY ELEMENTS (KOHA)
Koha item type Books
653 ## - INDEX TERM--UNCONTROLLED
Uncontrolled term tai language
653 ## - INDEX TERM--UNCONTROLLED
Uncontrolled term Tai bhasar prathamik path byakaranar soite
Holdings
Withdrawn status Lost status Damaged status Not for loan Home library Current library Shelving location Date acquired Total Checkouts Full call number Barcode Date last seen Copy number Price effective from Koha item type Date last checked out
        Central Library, Naharkatiya College Central Library, Naharkatiya College General Stacks 19/09/2020   495.41 | GOH 20471 19/09/2020 1 19/09/2020 Books  
        Central Library, Naharkatiya College Central Library, Naharkatiya College General Stacks 19/09/2020 1 495.41 | GOH 20472 27/01/2023 2 19/09/2020 Books 14/12/2022
        Central Library, Naharkatiya College Central Library, Naharkatiya College General Stacks 19/09/2020   495.41 | GOH 20473 19/09/2020 3 19/09/2020 Books  

Naharkatiya College © 2020. All rights reserved.

Powered By